Sports Quiz

Random Sports or WWE Quiz
Score 0/35 Timer 12:00
12 Plays Today
Year WWE Superstar % Correct
1995Shawn Michaels
83.7%
1996Hunter Hearst Helmsley
81.9%
2009Triple H
81.9%
2006Rey Mysterio
81.7%
1997Stone Cold Steve Austin
79.3%
1999Stone Cold Steve Austin
79.3%
2002Stone Cold Steve Austin
79.3%
2001Kane
77.9%
2010John Cena
77.3%
1998The Rock
76%
2016Roman Reigns
74.9%
2003Chris Jericho
72.7%
2017Chris Jericho
72.6%
1988Bret Hart
69.7%
1992Ric Flair
68.6%
2004Chris Benoit
66.1%
2005Chris Benoit
66.1%
2020Drew McIntyre
65.3%
Year WWE Superstar % Correct
2007Edge
61.3%
2011CM Punk
59.2%
2014CM Punk
59.2%
1999Mr. McMahon
57.5%
2008Batista
54.3%
2013Dolph Ziggler
51.7%
2019Seth Rollins
46.9%
2012The Miz
45%
2018Finn Balor
43.7%
1995The British Bulldog
43.3%
2015Bray Wyatt
37.4%
1990Ted DiBiase
34.5%
1989Mr. Perfect
30.9%
1993Bob Backlund
26.5%
1991Rick Martel
24.7%
2000Test
18.6%
1994Bam Bam Bigelow
12.4%
Remove Ads.
Support Sporcle.
Get the best of Sporcle when you Go Orange. This ad-free experience offers more features, more stats, and more fun while also helping to support Sporcle. Thank you for becoming a member.

You're not logged in!

Compare scores with friends on all Sporcle quizzes.
OR
Log In

Sporcle TV

Today on Sporcle TV


Watch our educational content, quiz creation guides, and fun videos on Sporcle TV.

Show Comments

Extras

Top Quizzes Today


Score Distribution

Paid Content

Your Account Isn't Verified!

In order to create a playlist on Sporcle, you need to verify the email address you used during registration. Go to your Sporcle Settings to finish the process.

Report this User

Report this user for behavior that violates our Community Guidelines.

Details: